Catálogo

Vista normal Vista MARC

Entrada Personal Name

Número de registros utilizados en: 1

001 - CONTROL NUMBER

  • control field: 18135

003 - CONTROL NUMBER IDENTIFIER

  • control field: DLC

005 - DATE AND TIME OF LATEST TRANSACTION

  • control field: 20260522141417.0

008 - FIXED-LENGTH DATA ELEMENTS

  • fixed length control field: 850204n| azannaabn |a aaa

010 ## - LIBRARY OF CONGRESS CONTROL NUMBER

  • LC control number: n 84181255
  • Canceled/invalid LC control number: n 50031634
  • Canceled/invalid LC control number: n 87816929

035 ## - SYSTEM CONTROL NUMBER

  • System control number: (OCoLC)oca01268979

040 ## - CATALOGING SOURCE

  • Original cataloging agency: DLC
  • Language of cataloging: spa
  • Description conventions: rda
  • Transcribing agency: Mx-PuUPA
  • Modifying agency: DLC
  • Modifying agency: UPB
  • Modifying agency: OCoLC
  • Modifying agency: Mx-PuUPA

046 ## - SPECIAL CODED DATES

  • Birth date: 19390808
  • Death date: 20221126
  • Source of date scheme: edtf

100 1# - HEADING--PERSONAL NAME

  • Personal name: Griffin, David Ray,
  • Dates associated with a name: 1939-2022

370 ## - ASSOCIATED PLACE

  • Place of birth: Wilbur (Washington)
  • Source of term: naf

373 ## - ASSOCIATED GROUP

  • Associated group: Escuela de Posgrado de Claremont
  • Source of term: naf

374 ## - OCCUPATION

  • Occupation: Profesor universitario
  • Occupation: Autor
  • Source of term: lcsh

375 ## - GENDER

  • Gender: hombre

377 ## - ASSOCIATED LANGUAGE

  • Language code: eng

400 1# - SEE FROM TRACING--PERSONAL NAME

  • Control subfield: nna
  • Personal name: Griffin, David,
  • Dates associated with a name: 1939-2022

670 ## - SOURCE DATA FOUND

  • Source citation: Physics and the ultimate significance of time, c1985:
  • Information found: CIP caption title (David Ray Griffin) data sheet (b. Aug. 8, 1939)

670 ## - SOURCE DATA FOUND

  • Source citation: LC manual auth. cd.
  • Information found: (hdg.: Griffin, David, 1939- )

670 ## - SOURCE DATA FOUND

  • Source citation: Contemp. au., v. 77-80
  • Information found: (Griffin, David Ray, 1939- ; School of Theology at Claremont, Claremont, Calif.)

670 ## - SOURCE DATA FOUND

  • Source citation: Searching for an adequate God, 2000:
  • Information found: CIP t.p. (David R. Griffin)

670 ## - SOURCE DATA FOUND

  • Source citation: Physics and speculative philosophy, 2016:
  • Information found: ECIP t.p. (David Ray Griffin) data view (b. Aug. 8, 1939)

670 ## - SOURCE DATA FOUND

  • Source citation: Amazon.com, February 10, 2017
  • Information found: (David Ray Griffin is Professor of Philosophy of Religion and Theology, Emeritus, Claremont School of Theology and Claremont Graduate University, where he remains a co-director of the Center for Process Studies. He has published (as author or editor) more than 35 books in theology, philosophy, philosophy of religion, the relation between science and religion, and social and political issues)
  • Uniform Resource Identifier: https://www.amazon.com/God-Exists-But-Gawd-Does/dp/1940447151

670 ## - SOURCE DATA FOUND

  • Source citation: Wikipedia, Dec. 5, 2023
  • Information found: (David Ray Griffin, born Aug. 8, 1939, Wilbur, Washington; died Nov. 26, 2022)